000 00605nam a22001457a 4500
020 _a978-1-905294-28-2
082 _a823
_bDYE/B
100 _aDYER, HEATHER
245 _aTHE BOY IN THE BISCUIT TIN
260 _aBRITAIN
_bTHE CHICKEN HOUSE
_c200
300 _a150
520 _aIn this book Ibby is sent by her mother to spend her time for a few days in her aunt's house. On her first day she discovered that Francis, her cousin, had magically miniaturized himself. Though she and her other cousin Alex managed to return him to his normal size the fun is not over.
650 _aSHORT STORY
942 _cBK
999 _c5830
_d5830